England's rural areas (Record no. 108342)

MARC details
000 -LEADER
fixed length control field 01767cam a22002295a 4500
001 - CONTROL NUMBER
control field E144005
008 - FIXED-LENGTH DATA ELEMENTS--GENERAL INFORMATION
fixed length control field 080611s20080606xxk f as 000 0 eng d
035 ## - SYSTEM CONTROL NUMBER
System control number (Sirsi) u144005
041 0# - LANGUAGE CODE
Language code of text/sound track or separate title eng
050 04 - LIBRARY OF CONGRESS CALL NUMBER
Classification number 333.76 $2 18
100 1# - MAIN ENTRY--PERSONAL NAME
Personal name Burgess, Stuart
245 00 - TITLE STATEMENT
Title England's rural areas
Remainder of title steps to release their economic potential
Medium [electronic resource]
260 ## - PUBLICATION, DISTRIBUTION, ETC.
Place of publication, distribution, etc. London
Name of publisher, distributor, etc. Commission for Rural Communities
Date of publication, distribution, etc. 2008
505 2# - FORMATTED CONTENTS NOTE
Formatted contents note The contribution of rural economies -- Opportunities and challenge - an overview of evidence -- Solutions to release potential of our rural economies -- Appendix 1 - Collaboration or rural isolation? -- Appendix 2 - estimating unfilled potential from rural businesses
520 ## - SUMMARY, ETC.
Summary, etc. After flooding and the outbreak of various animal diseases in 2007, the Prime Minister requested that the Government's Rural Advocate provide a report on ways in which the rural economy might be strengthened. This report lists his findings and advice for the future. His suggestions include supporting sustainable places; empowering rural areas to build on existing economic strengths; the creation of a rural finance forum to examine and overcome lower capital investment in rural areas and that rural communities should be supported in flood prevention initivatives by the Environmental Transition Fund. The report presents a range of case studies in addition to statistical information to promote the points raised.
521 ## - TARGET AUDIENCE NOTE
Target audience note Advanced
590 ## - LOCAL NOTE (RLIN)
Local note KA
651 #4 - SUBJECT ADDED ENTRY--GEOGRAPHIC NAME
Geographic name England and Wales
Chronological subdivision 1543-
690 ## - LOCAL SUBJECT ADDED ENTRY--TOPICAL TERM (OCLC, RLIN)
Topical term or geographic name as entry element PROPERTY-RURAL AND NATURAL ASSETS
856 48 - ELECTRONIC LOCATION AND ACCESS
Uniform Resource Identifier <a href="https://www.ruralcommunities.gov.uk/publications/crc67englandsruralareasstepstoreleasetheireconomicpotential">https://www.ruralcommunities.gov.uk/publications/crc67englandsruralareasstepstoreleasetheireconomicpotential</a>
Public note View item free of charge at www.ruralcommunities.gov.uk...
942 ## - ADDED ENTRY ELEMENTS (KOHA)
Suppress in OPAC 0
Holdings
Withdrawn status Lost status Source of classification or shelving scheme Damaged status Not for loan Home library Current library Shelving location Date acquired Total Checkouts Full call number Barcode Date last seen Copy number Price effective from Koha item type
    Dewey Decimal Classification     Virtual Virtual Online 11/06/2008   ONLINE PUBLICATION 144005-2001 06/08/2019 1 06/08/2019 Book